Некоторые вопросы кинетики электроокисления галоген-ионов на гладкой платине: автореферат диссертации на соискание ученой степени кандидата химических наук

Bibliografische gegevens
Hoofdauteur: Любушкин В. И.
Coauteur: Новочеркасский политехнический институт им. Серго Орджоникидзе
Andere auteurs: Ильин К. Г. (научный руководитель)
Samenvatting:Защита сост. 14.06.1965 г.
Taal:Russisch
Gepubliceerd in: Новочеркасск, [Б. и.], 1965
Onderwerpen:
Formaat: Boek
KOHA link:https://koha.lib.tpu.ru/cgi-bin/koha/opac-detail.pl?biblionumber=335840

MARC

LEADER 00000nam0a2200000 4500
001 335840
005 20231102004808.0
035 |a (RuTPU)RU\TPU\book\362252 
090 |a 335840 
100 |a 20171004d1965 k y0rusy50 ca 
101 0 |a rus 
102 |a RU 
105 |a y dm 001zy 
200 1 |a Некоторые вопросы кинетики электроокисления галоген-ионов на гладкой платине  |e автореферат диссертации на соискание ученой степени кандидата химических наук  |f В. И. Любушкин  |g Новочеркасский политехнический институт им. Серго Орджоникидзе ; науч. рук. К. Г. Ильин 
210 |a Новочеркасск  |c [Б. и.]  |d 1965 
215 |a 16 с. 
300 |a Защита сост. 14.06.1965 г. 
320 |a Библиогр.: с. 15-16 (6 назв.) 
606 1 |a Электрохимические реакции  |x Кинетика  |2 stltpush  |3 (RuTPU)RU\TPU\subj\21004  |9 46058 
610 1 |a электрохимия 
610 1 |a электроокисление 
610 1 |a платина 
610 1 |a анодное поведение 
610 1 |a хлориды 
610 1 |a щелочные растворы 
610 1 |a анодная поляризация 
610 1 |a авторефераты диссертаций 
610 1 |a библиотека А. Г. Стромберга 
675 |a 544.65:544.4(04)  |v 4 
700 1 |a Любушкин  |b В. И. 
702 1 |a Ильин  |b К. Г.  |4 727 
712 0 2 |a Новочеркасский политехнический институт им. Серго Орджоникидзе  |c (1948-1993)  |2 stltpush  |3 (RuTPU)RU\TPU\col\227  |9 23289 
801 1 |a RU  |b 63413507  |c 20171004 
801 2 |a RU  |b 63413507  |c 20180125  |g RCR 
942 |c BK